Memorie autobiografiche, (Record no. 4967)
[ view plain ]
| 000 -LEADER | |
|---|---|
| fixed length control field | 00651cam a22002051 4500 |
| 001 - CONTROL NUMBER | |
| control field | af 48002305 |
| 003 - CONTROL NUMBER IDENTIFIER | |
| control field | DLC |
| 005 - DATE AND TIME OF LATEST TRANSACTION | |
| control field | 20260227110854.0 |
| 008 - FIXED-LENGTH DATA ELEMENTS--GENERAL INFORMATION | |
| fixed length control field | 930726s1944 it bch 000 0 ita c |
| 010 ## - LIBRARY OF CONGRESS CONTROL NUMBER | |
| LC control number | af 48002305 |
| 035 ## - SYSTEM CONTROL NUMBER | |
| System control number | (OCoLC)28516961 |
| 040 ## - CATALOGING SOURCE | |
| Original cataloging agency | California. Univ. Libr. |
| Transcribing agency | CU |
| Modifying agency | DLC |
| 050 00 - LIBRARY OF CONGRESS CALL NUMBER | |
| Classification number | DG552.8.G2 |
| Item number | A34 1944 |
| 082 00 - DEWEY DECIMAL CLASSIFICATION NUMBER | |
| Classification number | 945/.08/092 |
| -- | B |
| 100 1# - MAIN ENTRY--PERSONAL NAME | |
| Personal name | Garibaldi, Giuseppe, |
| Dates associated with a name | 1807-1882. |
| 245 00 - TITLE STATEMENT | |
| Title | Memorie autobiografiche, |
| Remainder of title | nuova trascrizione e premessa di Jolanda de Blasi. |
| 260 ## - PUBLICATION, DISTRIBUTION, ETC. | |
| Place of publication, distribution, etc. | Firenze, |
| Name of publisher, distributor, etc. | Cya |
| Date of publication, distribution, etc. | [1944] |
| 300 ## - PHYSICAL DESCRIPTION | |
| Extent | xix, 417 p. |
| Other physical details | ports., fold. map, facsims. |
| Dimensions | 18 cm. |
| 700 1# - ADDED ENTRY--PERSONAL NAME | |
| Personal name | De Blasi, Jolanda, |
| Dates associated with a name | 1888-1964, |
| Relator term | ed. |
No items available.